Statistics for Sci-Fi Movie Quotes Quiz

Click here to take the quiz!

General Stats

  • This quiz has been taken 33,700 times
    (23,321 since last reset)
  • The average score is 9 of 17

Answer Stats

QuoteMovie% Correct
These aren't the droids you're looking for.Star Wars
97%
Take your stinking paws off me, you damned dirty ape!Planet of the Apes
83%
KHAAANNNN!Star Trek II:
The Wrath of Khan
79%
Come with me if you want to live.The Terminator
79%
Roads? Where we're going we don't need roads!Back to the Future
73%
I'm sorry Dave, I'm afraid I can't do that.2001: A Space Odyssey
63%
Genius billionaire playboy philanthropist.The Avengers
62%
Get to da choppah!!!Predator
57%
Game over man, game over!Aliens
56%
There is no spoon.The Matrix
56%
There is no Dana, there is only Zuul.Ghostbusters
48%
Life, uh, finds a way.Jurassic Park
48%
You have 5 seconds to comply... 4, 3, 2, 1... I am now authorized to use physical force!RoboCop
46%
All those moments will be lost in time, like tears in the rain.Bladerunner
37%
You're in trouble, program. Why don't you make it easy on yourself? Who's your user?Tron
32%
I must not fear. Fear is the mind-killer.Dune
19%
Be afraid. Be very afraid.The Fly
10%

Score Distribution

Percentile by Number Answered

Percent of People with Each Score

Your Score History

You have not taken this quiz since the last reset